Государственно-правовая политика по защите детства в России: исторические аспекты (Запись № 11978171)

Подробности
000 -МАРКЕР
контрольное поле 02165nam0a2200349 i 4500
001 - ИДЕНТИФИКАТОР ЗАПИСИ
контрольное поле RU\NLR\BIBL_A\011212039
005 - ИДЕНТИФИКАТОР ВЕРСИИ
контрольное поле 20260408080541.0
010 ## - МЕЖДУНАРОДНЫЙ СТАНДАРТНЫЙ НОМЕР КНИГИ (ISBN)
Номер (ISBN) 9785931794464
Тираж 200
021 ## - НОМЕР ГОСУДАРСТВЕННОЙ РЕГИСТРАЦИИ
Код страны Российская Федерация
Номер 2016-66069
Номер Листа государственной регистраци 4226
035 ## - ДРУГИЕ СИСТЕМНЫЕ НОМЕРА
Идентификатор записи (NLR Aleph) 011212039
100 ## - ДАННЫЕ ОБЩЕЙ ОБРАБОТКИ
Данные общей обработки 20160914d2016 k y0rusy50 ca
101 0# - ЯЗЫК РЕСУРСА
Язык текста, звукозаписи и т.д. русский
102 ## - СТРАНА ПУБЛИКАЦИИ ИЛИ ПРОИЗВОДСТВА
Страна публикации Российская Федерация
105 ## - ПОЛЕ КОДИРОВАННЫХ ДАННЫХ: ТЕКСТОВЫЕ МАТЕРИАЛЫ, МОНОГРАФИЧЕСКИЕ
Кодированные данные о монографическом текстовом документе y z 000yy
200 1# - ЗАГЛАВИЕ И СВЕДЕНИЯ ОБ ОТВЕТСТВЕННОСТИ
Основное заглавие Государственно-правовая политика по защите детства в России: исторические аспекты
Сведения, относящиеся к заглавию научная монография
Первые сведения об ответственности [Гребенкин А.Н. - к.ист.н., доц., Елисеев А.Л. - к.ист.н., доц., Матвеева Е.С. - к.ист.н., доц. и др.]
Последующие сведения об ответственности под общ. ред. д.ист.н. П.А. Меркулова
-- Федер. гос. бюджет. образоват. учреждение высш. образования Рос. акад. нар. хоз-ва и гос. службы при Президенте Рос. Федерации, Орл. фил.
210 ## - ПУБЛИКАЦИЯ, РАСПРОСТРАНЕНИЕ И ДР.
Место издания, распространения и т.д. Орёл
Имя издателя, распространителя и т. д. Изд-во ОФ РАНХиГС
Дата издания, распространения и т.д. 2016
215 ## - ФИЗИЧЕСКАЯ ХАРАКТЕРИСТИКА
Специфическое обозначение материала и объем 158 с.
Размеры 20
300 ## - ОБЩИЕ ПРИМЕЧАНИЯ
Текст примечания Авт. указаны на обороте тит. л.
320 ## - ПРИМЕЧАНИЯ О НАЛИЧИИ В ДОКУМЕНТЕ БИБЛИОГРАФИИ / УКАЗАТЕЛЯ
Текст примечания Библиогр.: с. 143-156
606 1# - НАИМЕНОВАНИЕ ТЕМЫ КАК ПРЕДМЕТ
Наименование темы Детство
Тематический подзаголовок Правовая защита
-- История
Географический подзаголовок Россия
Системный номер авторитетной/нормативной записи 2304206
Идентификатор авторитетной/нормативной записи RU\NLR\AUTH\6601605624
686 1# - ИНДЕКСЫ ДРУГИХ КЛАССИФИКАЦИЙ
Индекс Х839(2)742
701 #1 - ИМЯ ЛИЦА - АЛЬТЕРНАТИВНАЯ ОТВЕТСТВЕННОСТЬ
Графика поля Кириллица
Материалы, к которым относится поле rus
Начальный элемент ввода Гребенкин
Часть имени, кроме начального элемента ввода А. Н.
Расширение инициалов личного имени Алексей Николаевич
Системный номер авторитетной/нормативной записи 175599
Идентификатор авторитетной/нормативной записи RU\NLR\AUTH\770175650
701 #1 - ИМЯ ЛИЦА - АЛЬТЕРНАТИВНАЯ ОТВЕТСТВЕННОСТЬ
Начальный элемент ввода Елисеев
Часть имени, кроме начального элемента ввода А. Л.
Расширение инициалов личного имени Анатолий Леонидович
701 #1 - ИМЯ ЛИЦА - АЛЬТЕРНАТИВНАЯ ОТВЕТСТВЕННОСТЬ
Начальный элемент ввода Матвеева
Часть имени, кроме начального элемента ввода Е. С.
Дополнения к именам, кроме дат канд. ист. наук
Расширение инициалов личного имени Евгения Сергеевна
Системный номер авторитетной/нормативной записи 148402
Идентификатор авторитетной/нормативной записи RU\NLR\AUTH\770148438
702 #1 - ИМЯ ЛИЦА - ВТОРИЧНАЯ ОТВЕТСТВЕННОСТЬ
Начальный элемент ввода Меркулов
Часть имени, кроме начального элемента ввода П. А.
Даты 1963-
Расширение инициалов личного имени Павел Александрович
Код отношения Редактор
712 02 - НАИМЕНОВАНИЕ ОРГАНИЗАЦИИ - ВТОРИЧНАЯ ОТВЕТСТВЕННОСТЬ
Код отношения Прочие
Начальный элемент ввода Российская академия народного хозяйства и государственной службы
Структурное подразделение Орловский филиал
Идентификатор авторитетной/нормативной записи RU\NLR\AUTH\8810220513
Системный номер авторитетной/нормативной записи 326182
942 ## - ДОПОЛНИТЕЛЬНЫЕ ЭЛЕМЕНТЫ ЗАПИСИ (АБИС)
Тип экземпляра АБИС Книга
980 ## - КОЛЛЕКЦИЯ
Название коллекции НБР

Нет доступных экземпляров.